000 01932nam a22003977a 4500
003 OSt
005 20251117151103.0
008 251117b |||||||| |||| 00| 0 eng d
010 _a 2023298268
020 _a9781636593173
035 _a23335744
040 _aMmarau-U,
_bMmarau-U,
_eMmarau-U,
_cEng .
042 _apcc
043 _an-us---
050 0 0 _aKF5698
_b.J84 2023
100 1 _aJuergensmeyer, Julian Conrad,
_eauthor.
_92731
245 1 0 _aLand use planning and development regulation law /
_cJulian Conrad Juergensmeyer (professor and Ben F. Johnson Jr. Chair in Law, Georgia State University College of Law, adjunct professor in city and regional planning, Georgia Institute of Technology), Thomas E. Roberts (professor of law emeritus, Wake Forest University), Patricia E. Salkin (provost, graduate and professional divisions, Touro College, professor of law, Jacob D. Fuchsberg Law Center, Touro College), Ryan Max Rowberry (associate professor of law, Georgia State University College of Law).
250 _aFifth edition.
260 _aNew York :
_bProfessor Donald Hagman,
_c2023
264 1 _aEagan, MN :
_bWest Academic Publishing,
_c[2023]
300 _axxii, 759 pages ;
_c26 cm.
336 _atext
_btxt
_2rdacontent
337 _aunmediated
_bn
_2rdamedia
338 _avolume
_bnc
_2rdacarrier
490 0 _aHornbook series
500 _acontain bibliographic details,reference and index
650 0 _aCity planning and redevelopment law
_zUnited States.
_92732
650 0 _aLand use
_xLaw and legislation
_zUnited States.
_92733
650 0 _aZoning law
_zUnited States.
_92734
700 1 _aRobert Thomas E,
_eauthor.
_92735
700 1 _aRobert Thomas E,
_eauthor.
_92735
700 1 _aRobert Thomas E,
_eauthor.
_92735
906 _a7
_bcbc
_corigcop
_d2
_encip
_f20
_gy-gencatlg
942 _2lcc
_cLOAN LOAN
999 _c33417
_d33414